000
00247nam a2200097Ia 4500
001
1111775
005
20250827003917.0
008
250824s9999 xx 000 0 und d
245
0
_a
SÖZDE KIZLAR
_c
PEYAMİ SAFA
260
_b
ÖTÜKEN NEŞRİYAT A.Ş.
999
_c
1111775
_d
1111775